Centrálna zóna, Pezinok
Enregistré dans:
| Auteur principal: | |
|---|---|
| Autres auteurs: | |
| Format: | Manuscrit Livre |
| Langue: | slovaque |
| Publié: |
2024
|
| Sujets: | |
| Accès en ligne: | http://is.stuba.sk/zp/portal_zp.pl?podrobnosti=155605 |
| Tags: |
Pas de tags, Soyez le premier à ajouter un tag!
|
MARC
| LEADER | 00000ntm a22000003a 4500 | ||
|---|---|---|---|
| 001 | stuzp98353 | ||
| 003 | SK-STU | ||
| 005 | 20240615210921.2 | ||
| 007 | ta | ||
| 008 | 150427s2015----xo-----f-mn---000-0-slo-d | ||
| 040 | |a STU |b slo | ||
| 041 | 0 | |a slo | |
| 100 | 1 | |a Vitrovszká, Sofia |u 056160 |4 aut |U FAD Fakulta architektúry a dizajnu |T FAD Ústav urbanizmu a územného plánovania |X 103541 |U A6160 |Y 397 |7 103541 | |
| 242 | 0 | 1 | |a City Centre Public Space, Pezinok |y eng |
| 245 | 1 | 0 | |a Centrálna zóna, Pezinok |
| 260 | |c 2024 | ||
| 650 | 4 | |a námestie Pezinok |2 slo | |
| 650 | 4 | |a vinohradníctvo |2 slo | |
| 650 | 4 | |a verejný priestor |2 slo | |
| 650 | 4 | |a tradícia |2 slo | |
| 650 | 4 | |a história |2 slo | |
| 650 | 4 | |a identita |2 slo | |
| 650 | 4 | |a viticulture |2 eng | |
| 650 | 4 | |a public space |2 eng | |
| 650 | 4 | |a tradition |2 eng | |
| 650 | 4 | |a history |2 eng | |
| 650 | 4 | |a identity |2 eng | |
| 650 | 4 | |a Pezinok square |2 eng | |
| 700 | 1 | |a Sopirová, Alžbeta |u 056160 |k Z1 |4 ths |U FAD Fakulta architektúry a dizajnu |T FAD Ústav urbanizmu a územného plánovania |X 4201 |U A6160 |Y 397 |7 A000004201 | |
| 856 | 4 | |u http://is.stuba.sk/zp/portal_zp.pl?podrobnosti=155605 | |